| 000 | 00518nam a2200181Ia 4500 | ||
|---|---|---|---|
| 003 | GCL | ||
| 008 | 140319s9999 xx 000 0 ara d | ||
| 040 |
_aGCL / _cGCL |
||
| 082 | 0 | 4 |
_a808.83 _bا ا |
| 100 | 1 | _aالمكتبة الثقافية | |
| 245 | 1 | 0 |
_aالف ليلة وليلة / _cالمكتبة الثقافية |
| 260 |
_a[S.N] : _bالمكتبة الثقافية |
||
| 490 | _a | ||
| 650 | 0 | 4 | _aالادب العربى |
| 650 | 0 | 4 | _aالقصص |
| 650 | 0 | 4 | _aالف ليلة وليلة |
| 942 |
_2ddc _cBK |
||
| 999 |
_c54172 _d54172 |
||